000 00808nam a22002057a 4500
999 _c4134
_d4134
003 AR-CdUCM
008 190308b ||||| |||| 00| 0 spa d
040 _aMUNICIPALIDAD PROVINCIAL DEL CUSCO
_cBIBLIOTECA MUNICIPAL DEL CUSCO
082 _a792 /
_bB72
100 _aBonet Rodriguez, Hugo
_94683
245 _aTaki Onqoy /
260 _aQosqo :
_bUniversidad San Antonio Abad del Cusco ,
_c1995.
300 _a187páginas ;
_c25 cm.
505 _aContenido: Confesion de Parte -- La Resurrecion de las Cicatrices -- El Juego de la Pelota -- Bernardo Tambohuasco -- La Horda de mi Pueblo -- Walicha -- Huascar -- Taki Onqoy -- Composiciones Musicales...
650 _aPuesta Escenica
_913096
650 _aTeatro Músical
_913097
650 _aTeatro Cultural
_913098
942 _2ddc
_cLIBROS
945 _artm